000
00342nam a2200145 a 4500
005
20140412111423.0
008
080122s19uu xx 00 eng d
020
_a
1-59060-501-2
050
_a
M 220.9
_b
J49
245
_a
Jesus.
260
_b
Playmore inc.
_a
China :
440
_a
Bible pop-up
650
_a
Bible stories
999
_c
106113
_d
106113